| 000 | 01025nam a22003257a 4500 | ||
|---|---|---|---|
| 003 | CHAP | ||
| 005 | 20220329135924.0 | ||
| 008 | 971013s r 00010 d | ||
| 010 | _a44177 | ||
| 011 | _a45149 | ||
| 035 | _a49288 | ||
| 040 | _cCHAP | ||
| 090 | _aR-957 | ||
| 100 | 0 | 0 |
_aTanaka, T. _9111579 |
| 245 | _aComparisons of sweet corn varieties in "cerrado" soils | ||
| 500 | _aSobretiro de : Pesquisa Agropecuaria Brasileira. 5:7-21, 1970 | ||
| 590 |
_aBATCH-UPD _b10 _c20130110 _lUCH01 _h0301 |
||
| 590 |
_aBATCH-UPD _b10 _c20130110 _lUCH01 _h2035 |
||
| 590 |
_aBATCH-UPD _b10 _c20130409 _lUCH01 _h2332 |
||
| 590 |
_aBATCH-UPD _b10 _c20130410 _lUCH01 _h1351 |
||
| 590 |
_aBATCH-UPD _b10 _c20130914 _lUCH01 _h1751 |
||
| 590 |
_aCONVERSION _b10 _c20130109 _lUCH01 _h1324 |
||
| 650 | 1 | 4 |
_aMaíz dulce. _971111 |
| 650 | 1 | 4 |
_aMaíz _xGerminación. _970965 |
| 650 | 1 | 4 |
_aMaíz _xRendimiento. _971051 |
| 650 | 1 | 4 |
_aMaíz _xVariedades. _971081 |
| 901 | _aBK | ||
| 942 | _cREIMP | ||
| 949 |
_aR-957 _bBC _cR _d-111256 _eTS1 _i49288 _si |
||
| 999 |
_c44177 _d44177 |
||